LEADER 03697nam 2200661 450 001 9910438308803321 005 20221206181953.0 010 $a0-7680-8709-0 010 $a0-7680-8000-2 024 7 $a10.4271/PT-159 035 $a(CKB)4340000000240302 035 $a(MiAaPQ)EBC5341841 035 $a(CaBNVSL)mat08505026 035 $a(IDAMS)0b000064887658eb 035 $a(IEEE)8505026 035 $a(MiAaPQ)EBC28983813 035 $a(Au-PeEL)EBL28983813 035 $a(EXLCZ)994340000000240302 100 $a20181229d2013 uy 101 0 $aeng 135 $aurcnu|||||||| 181 $ctxt$2rdacontent 182 $cc$2rdamedia 183 $acr$2rdacarrier 200 00$aKinetic energy recovery systems for racing cars /$fedited by Alberto Boretti 205 $a1st ed. 210 1$aWarrendale, Pa. (400 Commonwealth Dr., Wallendale PA USA) :$cSociety of Automotive Engineers,$dc2013. 210 2$a[Piscataqay, New Jersey] :$cIEEE Xplore,$d[2013] 215 $a1 online resource (v, 49 pages) $cillustrations 225 1 $aProgress in technology ;$vPT-159 225 1 $aSociety of Automotive Engineers. Electronic publications 300 $a"SAE Order Number PT-159"--T.p. verso. 311 $a0-7680-7994-2 320 $aIncludes bibliographical references. 327 $aIntroduction. Friction and Regenerative Braking ; Motorsport and Newton's Second Law ; Recovery of Kinetic Energy ; Flybrid Mechanical KERS ; The Dyson Lola LMP1 Car with Flybrid KERS ; The Audi R18 e-tron Quattro Le Mans ; Overview of Four Papers on KERS and F1 Racing -- 327 $aPapers. Optimization of Hybrid Kinetic Energy Recovery Systems (KERS) for Different Racing Circuits, SAE Technical Paper 2008-01-2956, 2008, doi:10.4271/2008-01-2956 / Cross, D -- Mechanical Hybrid System Comprising a Flywheel and CVT for Motorsport and Mainstream Automotive Applications, SAE Technical Paper 2009-01-1312, 2009, doi:10.4271/2009-01-1312 / D. Cross and C. Brockbank -- High Power Density Motor for Racing Use, SAE Technical Paper 2011-39-7221, 2011, doi:10.4271/2011-39-7221/ Tamotsu Kawamura, Hirofumi Atarashi, and Takehiro Miyoshi -- KERS Braking for 2014 F1 Cars, SAE Technical Paper 2012-01-1802, 2012, doi:10.4271/2012-01-1802 / A. Boretti. 330 3 $aA kinetic energy recover system (KERS) captures the kinetic energy that results when brakes are applied to a moving vehicle. The recovered energy can be stored in a flywheel or battery and used later, to help boost acceleration. KERS helps transfer what was formerly wasted energy into useful energy. 330 8 $aIn 2009, the Federation Internationale de l'Automobile (FIA) began allowing KERS to be used in Formula One (F1) competition. Still considered experimental, this technology is undergoing development in the racing world but has yet to become mainstream for production vehicles. 410 0$aProgress in technology ;$vPT-159. 606 $aFormula One automobiles 606 $aAutomobiles$xTechnological innovations 606 $aAutomobiles$xEnergy consumption$xResearch 606 $aAutomobiles$xDesign and construction 606 $aSystems engineering 615 0$aFormula One automobiles. 615 0$aAutomobiles$xTechnological innovations. 615 0$aAutomobiles$xEnergy consumption$xResearch. 615 0$aAutomobiles$xDesign and construction. 615 0$aSystems engineering. 676 $a333.7968 701 $aBoretti$b Alberto A$01206846 801 0$bCaBNVSL 801 1$bCaBNVSL 801 2$bCaBNVSL 906 $aBOOK 912 $a9910438308803321 996 $aKinetic energy recovery systems for racing cars$92783995 997 $aUNINA LEADER 03754oam 2200745 c 450 001 9910163157503321 005 20250802090638.0 010 $a3-7445-0877-3 010 $a3-86496-873-9 024 3 $a9783744508773 035 $a(CKB)3710000000721457 035 $a(MiAaPQ)EBC4418086 035 $a(Herbert von Halem Verlag)9783744508773 035 $a(EXLCZ)993710000000721457 100 $a20250802d2015 uy 0 101 0 $ager 135 $aurcnu|||||||| 181 $2rdacontent 182 $2rdamedia 183 $2rdacarrier 200 14$aDie Dynamik o?kologischer Ma?rkte $eEine feldanalytische Betrachtung des Marktes fu?r Bio-Molkereiprodukte /$fLisa Suckert 205 $a1st ed. 210 $aKo?ln$cHerbert von Halem Verlag$d2015 215 $a1 online resource (406 pages) $cillustrations 300 $a[1. Auflage] 311 08$a3-86764-573-6 320 $aIncludes bibliographical references. 330 $aO?kologische Ma?rkte, d.h. Ma?rkte auf denen 'umweltfreundliche' Gu?ter gehandelt werden, gelten bei Politikern, Unternehmern und Umweltaktivisten gleichermaßen als Hoffnungstra?ger. Lisa Suckert entschlu?sselt in ihrer wirtschaftssoziologischen Studie die paradoxe Dynamik, die die gegenwa?rtige Entwicklung pra?gt: Denn wa?hrend o?kologische Ma?rkte auf o?konomisches Wachstum zielen und sich o?ffnen, ist ihre Existenz gleichzeitig an die Bewahrung o?kologischer Authentizita?t und damit an eine versta?rkte Abgrenzung geknu?pft. Am Beispiel des Marktes fu?r Bio-Molkereiprodukte, dessen Herausbildung von den 1980er-Jahren bis in die Gegenwart rekonstruiert wird, gelingt es der Autorin zentrale Funktionslogiken herauszuarbeiten. Es wird deutlich, dass die paradoxe Dynamik der simultanen O?ffnung und Schließung erst durch das historische Ineinandergreifen von sich wandelnden Machtpositionen, neu etablierten Konsekrationsinstanzen, ambivalenten Akteursstrategien und einer sukzessiven Umdeutung dessen, was auf dem Markt Wert besitzt, ermo?glicht wurde. Der feldanalytische Fokus auf Macht, Ambivalenz und Diskurse erlaubt vo?llig neuartige Einblicke in die Funktionsweise o?kologischer Ma?rkte sowie eine kritische AuseinanderSetzung mit dem Pha?nomen selbst. Mit der fruchtbaren Erweiterung der Bourdieu'schen Feldtheorie durch Konzepte der Economie des Conventions sowie einem innovativen Forschungsdesign, das Ma?rkte durch korrespondenz- und diskursanalytische Instrumente als Felder greifbar macht, leistet die Untersuchung einen wesentlichen Beitrag zur Weiterentwicklung der Marktsoziologie. 606 $aBio-Molkereiprodukte 606 $aBioprodukte 606 $aDiskursanalyse 606 $aEconomie des Conventions 606 $aFeldanalyse 606 $aFeldtheorie 606 $aKorrespondenzanalyse 606 $aMarktsoziologie 606 $aWirtschafssoziologie 606 $aO?kologie 606 $ao?kologische Ma?rkte 606 $ao?konomisches Wachstum 606 $aBourdieu 606 $aPierre 615 4$aBio-Molkereiprodukte 615 4$aBioprodukte 615 4$aDiskursanalyse 615 4$aEconomie des Conventions 615 4$aFeldanalyse 615 4$aFeldtheorie 615 4$aKorrespondenzanalyse 615 4$aMarktsoziologie 615 4$aWirtschafssoziologie 615 4$aO?kologie 615 4$ao?kologische Ma?rkte 615 4$ao?konomisches Wachstum 615 4$aBourdieu 615 4$aPierre 676 $a382.417 700 $aSuckert$b Lisa$4aut$01247161 801 0$bMiAaPQ 801 1$bMiAaPQ 801 2$bMiAaPQ 906 $aBOOK 912 $a9910163157503321 996 $aDie dynamik o?kologischer ma?rkte$92891400 997 $aUNINA